Vanita Sangeet Vihar Bhaag - 2 (Record no. 1122648)

MARC details
000 -LEADER
fixed length control field 00650nam a2200241Ia 4500
003 - CONTROL NUMBER IDENTIFIER
control field OSt
005 - DATE AND TIME OF LATEST TRANSACTION
control field 20221006170000.0
008 - FIXED-LENGTH DATA ELEMENTS--GENERAL INFORMATION
fixed length control field 221006b |||||||| |||| 00| 0 hin d
037 ## - SOURCE OF ACQUISITION
Terms of availability Textual
040 ## - CATALOGING SOURCE
Original cataloging agency FML
Transcribing agency FML
Language of cataloging hin
041 ## - LANGUAGE CODE
Source of code hin
Language code of text/sound track or separate title hin
100 ## - MAIN ENTRY--PERSONAL NAME
Personal name Khandelwal Yahoda Devi Au.
9 (RLIN) 680875
245 #0 - TITLE STATEMENT
Title Vanita Sangeet Vihar Bhaag - 2
260 ## - PUBLICATION, DISTRIBUTION, ETC.
Place of publication, distribution, etc. Haldwani
Name of publisher, distributor, etc. Lelikha
Date of publication, distribution, etc. 1974
300 ## - PHYSICAL DESCRIPTION
Extent 110
Dimensions cm.
490 ## - SERIES STATEMENT
Volume/sequential designation 02
942 ## - ADDED ENTRY ELEMENTS (KOHA)
Classification part NR44 , 54, L4 . 2
Koha item type Textual
Source of classification or shelving scheme Colon Classification (CC)
Holdings
Withdrawn status Lost status Source of classification or shelving scheme Damaged status Not for loan Home library Current library Date acquired Serial Enumeration / chronology Total Checkouts Full call number Barcode Date last seen Price effective from Koha item type
    Colon Classification (CC)     Department of Music Library Department of Music Library 2022-10-06 02   NR44 54 L4 . 2 MU0000098 2022-10-06 2022-10-06 Textual
Copyright @ Delhi University Library System